000 00554nam a2200193 4500
001 1993
005 20181127164341.0
008 840201s1963 nyu b 000 0 eng
010 _a 63024342
100 1 _aGrenander, Ulf.
245 1 0 _aProbabilities on algebraic structures /
_cUlf Grenander.
260 _aNew York :
_bWiley,
_c1963.
300 _a218 p. ;
_c23 cm.
440 0 _aWiley publications in statistics
504 _aBibliography: p. [211]-216.
650 0 _aAlgebraic topology.
650 0 _aFunctional analysis.
650 0 _aProbabilities.
999 _c1543
_d1543